| 000 | 00627nam a2200217 a 4500 | ||
|---|---|---|---|
| 001 | 3112 | ||
| 003 | CDMR | ||
| 005 | 20131210130926.0 | ||
| 008 | 130130s1979||||||||||||||||||||||||||||d | ||
| 020 | _a8436801148 | ||
| 040 |
_aCDMR _bcat _cCDMR |
||
| 100 | 1 |
_aSánchez-Bravo Cenjor, Antonio _92191 |
|
| 245 | 1 | 0 |
_aPeriodistas _b: mensajeros, escribas y retóricos _cAntonio Sánchez-Bravo Cenjor |
| 260 |
_aMadrid _c1979 _bPirámide |
||
| 300 | _a231 p. | ||
| 490 | 0 | _aMedios (Pirámide) | |
| 650 | 0 | 4 |
_93158 _aPeriodisme i llenguatge |
| 650 | 0 | 4 |
_94377 _aLlenguatge i llengües |
| 650 | 0 | 4 |
_94435 _aHermenèutica |
| 942 |
_cMON _2udc |
||
| 999 |
_c3112 _d3112 |
||